Logo

Description automatically generated
विद्यार्जन
 संसाधन केंद्र, भारतीय प्रौद्योगिकी संस्थान इन्दौर
Learning Resource Center, Indian Institute of Technology Indore

ऑनलाइन सार्वजनिक अभिगम प्रसूची
Online Public Access Catalogue (OPAC)

T.S. Eliot : the critic [17th ed.] (Record no. 57268)

MARC details
000 -LEADER
fixed length control field 00664nam a2200229Ia 4500
005 - DATE AND TIME OF LATEST TRANSACTION
control field 20260629163253.0
008 - FIXED-LENGTH DATA ELEMENTS--GENERAL INFORMATION
fixed length control field 260629s9999||||xx |||||||||||||| ||und||
020 ## - INTERNATIONAL STANDARD BOOK NUMBER
International Standard Book Number 8183570135
Qualifying information pbk
082 ## - DEWEY DECIMAL CLASSIFICATION NUMBER
Classification number 809
Item number SEN.17E
100 ## - MAIN ENTRY--PERSONAL NAME
Personal name Sen, S. [ed.]
245 #0 - TITLE STATEMENT
Title T.S. Eliot : the critic [17th ed.]
250 ## - EDITION STATEMENT
Edition statement 17th ed.
260 ## - PUBLICATION, DISTRIBUTION, ETC.
Place of publication, distribution, etc. New Delhi
Name of publisher, distributor, etc. Unique Publishers
Date of publication, distribution, etc. 2006
300 ## - PHYSICAL DESCRIPTION
Extent xvi, 240p. ; 22cm.
490 ## - SERIES STATEMENT
Series statement Unique literacy series
653 ## - INDEX TERM--UNCONTROLLED
Uncontrolled term Critical appraisal
653 ## - INDEX TERM--UNCONTROLLED
Uncontrolled term Criticism
653 ## - INDEX TERM--UNCONTROLLED
Uncontrolled term Eliot, T. S. (Thomas Stearns), 1888-1965--Knowledge and learning
700 ## - ADDED ENTRY--PERSONAL NAME
Personal name Chopra, J.K. [ed.]
700 ## - ADDED ENTRY--PERSONAL NAME
Personal name Chopra, P.S. [ed.]
942 ## - ADDED ENTRY ELEMENTS (KOHA)
Koha item type Book
Holdings
Withdrawn status Lost status Damaged status Not for loan Home library Current library Shelving location Date acquired Source of acquisition Total Checkouts Full call number Barcode Date last seen Price effective from Koha item type
        LRC, IIT Indore LRC, IIT Indore 2nd Floor - General Stack 29/06/2026 Gratis Book Price: INR 100.00   809 SEN.17E G2493 29/06/2026 29/06/2026 Book
Copyright © 2017-2026 Indian Institute of Technology Indore. All Rights Reserved.
Managed & maintained by Learning Resource Center, IIT Indore